<?xml version="1.0" encoding="UTF-8"?>
<marc:record xmlns:marc="http://www.loc.gov/MARC21/slim">
   <marc:leader>00000nam a2200000 a 4500</marc:leader>
   <marc:datafield ind1="1" ind2=" " tag="100">
      <marc:subfield code="a">Tweed, Lucy</marc:subfield>
      <marc:subfield code="4">aut</marc:subfield>
      <marc:subfield code="e">Verfasser/-in</marc:subfield>
   </marc:datafield>
   <marc:datafield ind1="1" ind2=" " tag="100">
      <marc:subfield code="a">Söntgerath, Carmen</marc:subfield>
      <marc:subfield code="4">trl</marc:subfield>
      <marc:subfield code="e">Übersetzer/-in</marc:subfield>
   </marc:datafield>
   <marc:datafield ind1=" " ind2=" " tag="653">
      <marc:subfield code="a">Feierabend-Kochbuch</marc:subfield>
   </marc:datafield>
   <marc:datafield ind1=" " ind2=" " tag="653">
      <marc:subfield code="a">After-Work-Küche</marc:subfield>
   </marc:datafield>
   <marc:datafield ind1=" " ind2=" " tag="653">
      <marc:subfield code="a">Meal Planner</marc:subfield>
   </marc:datafield>
   <marc:datafield ind1=" " ind2=" " tag="653">
      <marc:subfield code="a">Wochenplan</marc:subfield>
   </marc:datafield>
   <marc:datafield ind1=" " ind2=" " tag="653">
      <marc:subfield code="a">Kochen am Wochenende</marc:subfield>
   </marc:datafield>
   <marc:datafield ind1=" " ind2=" " tag="653">
      <marc:subfield code="a">Kochen fürs Wochenende</marc:subfield>
   </marc:datafield>
   <marc:datafield ind1=" " ind2=" " tag="653">
      <marc:subfield code="a">Kochen mit der Familie</marc:subfield>
   </marc:datafield>
   <marc:datafield ind1=" " ind2=" " tag="653">
      <marc:subfield code="a">Kochen für die Familie</marc:subfield>
   </marc:datafield>
   <marc:datafield ind1=" " ind2=" " tag="653">
      <marc:subfield code="a">Feierabend-Rezepte</marc:subfield>
   </marc:datafield>
   <marc:datafield ind1=" " ind2=" " tag="653">
      <marc:subfield code="a">Feierabend-Küche</marc:subfield>
   </marc:datafield>
   <marc:datafield ind1=" " ind2=" " tag="653">
      <marc:subfield code="a">Abendessen</marc:subfield>
   </marc:datafield>
   <marc:datafield ind1=" " ind2=" " tag="653">
      <marc:subfield code="a">einfache Rezepte</marc:subfield>
   </marc:datafield>
   <marc:datafield ind1=" " ind2=" " tag="653">
      <marc:subfield code="a">einfach kochen</marc:subfield>
   </marc:datafield>
   <marc:datafield ind1=" " ind2=" " tag="653">
      <marc:subfield code="a">wenig Zutaten</marc:subfield>
   </marc:datafield>
   <marc:datafield ind1=" " ind2=" " tag="653">
      <marc:subfield code="a">schnell kochen</marc:subfield>
   </marc:datafield>
   <marc:datafield ind1=" " ind2=" " tag="653">
      <marc:subfield code="a">schnelle Rezepte</marc:subfield>
   </marc:datafield>
   <marc:datafield ind1=" " ind2=" " tag="653">
      <marc:subfield code="a">abwechslungsreiche Rezepte</marc:subfield>
   </marc:datafield>
   <marc:datafield ind1=" " ind2=" " tag="653">
      <marc:subfield code="a">Familienküche</marc:subfield>
   </marc:datafield>
   <marc:datafield ind1=" " ind2=" " tag="653">
      <marc:subfield code="a">Blitzrezepte</marc:subfield>
   </marc:datafield>
   <marc:datafield ind1=" " ind2=" " tag="653">
      <marc:subfield code="a">Express-Kochbuch</marc:subfield>
   </marc:datafield>
   <marc:datafield ind1=" " ind2=" " tag="653">
      <marc:subfield code="a">abwechslungsreich kochen</marc:subfield>
   </marc:datafield>
   <marc:datafield ind1=" " ind2=" " tag="653">
      <marc:subfield code="a">Familien-Kochbuch</marc:subfield>
   </marc:datafield>
   <marc:datafield ind1=" " ind2=" " tag="653">
      <marc:subfield code="a">One Pot</marc:subfield>
   </marc:datafield>
   <marc:datafield ind1=" " ind2=" " tag="653">
      <marc:subfield code="a">schnelle Küche</marc:subfield>
   </marc:datafield>
   <marc:datafield ind1=" " ind2=" " tag="653">
      <marc:subfield code="a">Kochen für Berufstätige</marc:subfield>
   </marc:datafield>
   <marc:datafield ind1=" " ind2=" " tag="653">
      <marc:subfield code="a">kochen nach Wochentag</marc:subfield>
   </marc:datafield>
   <marc:datafield ind1=" " ind2=" " tag="653">
      <marc:subfield code="a">Softcover / Ratgeber/Essen</marc:subfield>
   </marc:datafield>
   <marc:datafield ind1=" " ind2=" " tag="653">
      <marc:subfield code="a">Trinken/Themenkochbücher</marc:subfield>
   </marc:datafield>
   <marc:datafield ind1=" " ind2=" " tag="653">
      <marc:subfield code="a">Kochbuch</marc:subfield>
   </marc:datafield>
   <marc:datafield ind1="0" ind2="0" tag="245">
      <marc:subfield code="a">Every night of the week</marc:subfield>
   </marc:datafield>
   <marc:datafield ind1="0" ind2="0" tag="245">
      <marc:subfield code="b">großartige Rezepte für wirklich jeden Tag der Woche</marc:subfield>
   </marc:datafield>
   <marc:datafield ind1="0" ind2="0" tag="245">
      <marc:subfield code="c">Lucy Tweed</marc:subfield>
   </marc:datafield>
   <marc:datafield ind1=" " ind2="1" tag="264">
      <marc:subfield code="a">München</marc:subfield>
      <marc:subfield code="b">Knesebeck</marc:subfield>
   </marc:datafield>
   <marc:datafield ind1=" " ind2=" " tag="250">
      <marc:subfield code="a">Deutsche Erstausgabe</marc:subfield>
   </marc:datafield>
   <marc:datafield ind1="1" ind2=" " tag="520">
      <marc:subfield code="a">Angaben aus der Verlagsmeldung

Every Night of the Week : Großartige Rezepte für wirklich jeden Tag der Woche / von Lucy Tweed

Montags fit, mittwochs im Tief, freitags in Wochenend-Stimmung: das Familienkochbuch für die ganze Woche

Jeden Abend stellt sich die gleiche Frage: Was soll ich heute bloß kochen? Mit diesem praktischen Kochbuch lässt sich diese tägliche Aufgabe auf lockere Art meistern. Da jeder Tag anders ist, orientiert es sich an den Wochentagen und seinen Energielevels: Ob man am Montag voller Elan startet, am Mittwoch ein leckeres Faulenzergericht gegen das Wochentief zubereitet oder am Sonntag gemütlich zu Brunch und Linner einlädt – 100 Rezepte bringen Spaß, Einfachheit und frische Ideen in den täglichen Trott. Denn der Alltag ist schon stressig genug.

Alltagstaugliche Rezepte für garantiert jeden Tag der Woche

An manchen Tagen möchte man ausgiebig kochen, an anderen Tagen ist das Ziel einfach nur die unkomplizierte Essensaufnahme. Mithilfe dieses Feierabendkochbuchs lassen sich im hektischen Alltag zwischen Job, Familie, Freunden und dem ganz normalen Wahnsinn mühelos Gerichte zubereiten, die sicherlich allen schmecken. Montags startet man schwungvoll mit Spinat-Falafeln in die Woche, mittwochs sind die Anstrengungen der Woche schon bemerkbar und deftiges Blumenkohl-Mac’n’Cheese wird mit einer Prise Faulheit zubereitet, sonntags dagegen nimmt man sich ausgiebig Zeit für French Toast und selbstgemachte Fish &amp; Chips. Ein Kochbuch für alle, denen es bei der Alltagsküche nicht um Perfektion geht, sondern um den Spaß am Kochen und Essen.     

Diese und viele weitere Gerichte erwarten Sie:

Montag: Super-Veggie-Pie, Hähnchen-Saté, Süßkartoffel-Curry-Suppe,

Dienstag: Hackbällchen mit roter Currypaste &amp; Glasnudeln, Blumenkohl-Tacos, Rettende-Chorizo-und-Linsen-Suppe

Mittwoch: Plattes Huhn mit Honig-Karotten &amp; Kichererbsen, Frittata mit Zucchini, Panik-Carbonara, Nudelauflauf mit Gemüse

Donnerstag: Brokkoli-Käse-Pie, Lachs mit Dillsauce &amp; Frühlingsspaghetti, Schinken-Käse-Tomaten-Tarte

Freitag: Nachos mit Rindfleisch &amp; Bohnen, Kokos-Chilli-Wings, Dan-Dan-Nudeln

Samstag: Tacos mit Pulled Pork und Ananas-Pickle, Brathähnchen mit Miso-Mais, Kokosbaisers, Pfirsichkuchen

Sonntag: Pochierte Eier mit Bröseln &amp; Hollandaise, Frühstücksburrito mit Ei &amp; Speck, Suppe aus Ofentomaten &amp; gefülltes Fladenbrot

Mit Every Night of the Week kochen Sie sich garantiert stressfrei durch die Woche.

</marc:subfield>
   </marc:datafield>
   <marc:datafield ind1=" " ind2=" " tag="020">
      <marc:subfield code="a">9783957286062</marc:subfield>
      <marc:subfield code="9">9783957286062</marc:subfield>
   </marc:datafield>
   <marc:datafield ind1=" " ind2=" " tag="020">
      <marc:subfield code="a">3957286069</marc:subfield>
      <marc:subfield code="9">3957286069</marc:subfield>
   </marc:datafield>
   <marc:datafield ind1=" " ind2=" " tag="041">
      <marc:subfield code="a">ger</marc:subfield>
   </marc:datafield>
   <marc:datafield ind1=" " ind2=" " tag="300">
      <marc:subfield code="a">223 Seiten</marc:subfield>
   </marc:datafield>
</marc:record>
